| 000 -LEADER |
| fixed length control field |
01024cam a22002774a 4500 |
| 001 - CONTROL NUMBER |
| control field |
11800136 |
| 005 - DATE AND TIME OF LATEST TRANSACTION |
| control field |
20180314044253.0 |
| 008 - FIXED-LENGTH DATA ELEMENTS--GENERAL INFORMATION |
| fixed length control field |
991001s2000 paua bf 001 0 eng c |
| 010 ## - LIBRARY OF CONGRESS CONTROL NUMBER |
| LC control number |
99048209 |
| 020 ## - INTERNATIONAL STANDARD BOOK NUMBER |
| International Standard Book Number |
0721684343 |
| 035 ## - SYSTEM CONTROL NUMBER |
| System control number |
(DNLM)100897238 |
| 040 ## - CATALOGING SOURCE |
| Original cataloging agency |
DNLM/DLC |
| Transcribing agency |
DLC |
| Modifying agency |
DLC |
| 041 ## - LANGUAGE CODE |
| Language code of text/sound track or separate title |
eng |
| 042 ## - AUTHENTICATION CODE |
| Authentication code |
pcc |
| 060 10 - NATIONAL LIBRARY OF MEDICINE CALL NUMBER |
| Classification number |
WB 39 |
| Item number |
J38p 2000 |
| 080 ## - UNIVERSAL DECIMAL CLASSIFICATION NUMBER |
| Universal Decimal Classification number |
616.0754 JAR |
| 082 00 - DEWEY DECIMAL CLASSIFICATION NUMBER |
| Classification number |
616.0754 JAR |
| Edition number |
21 |
| 100 1# - Rafti |
| Rafti |
8 |
| 101 ## - Shkurtesa |
| Shkurtesa |
EGZ |
| 245 10 - TITLE STATEMENT |
| Title |
Pocket companion for Physical examination and health assessment / |
| Statement of responsibility, etc |
Carolyn Jarvis ; original illustrations by Pat Thomas ; assessment photographs by Kevin Strandberg.. |
| 246 30 - VARYING FORM OF TITLE |
| Title proper/short title |
Physical examination and health assessment |
| 504 ## - BIBLIOGRAPHY, ETC. NOTE |
| Bibliography, etc |
Includes bibliographical references (p. 293) and index. |
| 906 ## - LOCAL DATA ELEMENT F, LDF (RLIN) |
| a |
7 |
| b |
cbc |
| c |
orignew |
| d |
1 |
| e |
ocip |
| f |
19 |
| g |
y-gencatlg |
| 942 ## - ADDED ENTRY ELEMENTS (KOHA) |
| Source of classification or shelving scheme |
|
| Item type |
Books |